Countries that begin with 2 consonants Quiz Stats

Quiz not verified by Sporcle

Challenge
Share
Tweet
Embed
Score 0/29 Timer 08:00
0 Plays Today
% Correct
France
73.1%
Sweden
71.1%
Spain
70.7%
China
70.1%
Brazil
68.9%
Chile
67.7%
Czech Republic
63.7%
Switzerland
63.1%
Greece
62.7%
Thailand
58.3%
Swaziland
56.9%
Chad
55.5%
Trinidad and Tobago
55.3%
Croatia
54.1%
Slovakia
53.3%
% Correct
Bhutan
52.5%
Ghana
52.1%
Slovenia
51.9%
Rwanda
51.5%
Cyprus
51.3%
Grenada
50.5%
Syria
50.5%
Philippines
49.7%
Sri Lanka
49.3%
Djibouti
49.1%
Kyrgyzstan
47.9%
Myanmar
43.3%
Brunei
37.3%
The Gambia
14.8%

You're not logged in!

Compare scores with friends on all Sporcle quizzes.
Join for Free
OR
Log In

You Might Also Like...

Show Comments

Extras

Created Jan 18, 2014ReportNominate
Tags:Country Quiz, consonant

Top Quizzes Today


Score Distribution

Your Account Isn't Verified!

In order to create a playlist on Sporcle, you need to verify the email address you used during registration. Go to your Sporcle Settings to finish the process.

Report this User

Report this user for behavior that violates our Community Guidelines.

Details: